Heat: how to stop the planet burning (Record no. 284)

MARC details
000 -LEADER
fixed length control field 00720nam a2200169 a 4500
008 - FIXED-LENGTH DATA ELEMENTS--GENERAL INFORMATION
fixed length control field 120926s2007 ||||||||||||||||| || u
020 ## - INTERNATIONAL STANDARD BOOK NUMBER
International Standard Book Number 9780141026626
050 ## - LIBRARY OF CONGRESS CALL NUMBER
Classification number QC 981 Mon
100 ## - MAIN ENTRY--PERSONAL NAME
Personal name Monbiot, George
245 10 - TITLE STATEMENT
Title Heat: how to stop the planet burning
Statement of responsibility, etc. By George Monbiot, with research assistance from Matthew Prescott
260 ## - PUBLICATION, DISTRIBUTION, ETC.
Place of publication, distribution, etc. London:
Name of publisher, distributor, etc. Penguin Books Ltd
Date of publication, distribution, etc. 2007
300 ## - PHYSICAL DESCRIPTION
Extent xxix, 278p.: ill.
650 ## - SUBJECT ADDED ENTRY--TOPICAL TERM
Topical term or geographic name entry element GLOBAL WARMING--GOVERNMENT POLICY
650 ## - SUBJECT ADDED ENTRY--TOPICAL TERM
Topical term or geographic name entry element ENERGY INDUSTRIES--ENVIRONMENTAL ASPECTS
650 ## - SUBJECT ADDED ENTRY--TOPICAL TERM
Topical term or geographic name entry element GLOBAL WARMING--PREVENTION--POPULAR WORKS
995 ## -
-- SPECIAL COLLECTIONS
-- 500180
-- CBU-DAG HAMMARSKJOLD INSTITUTE LIBRARY
-- DAG QC 981 Mon
-- 1
-- AVAILABLE
-- Dec 28, 2012
-- 500180
-- DHIPS Book Collection
999 ## -
-- 284
-- 284
Holdings
Withdrawn status Lost status Source of classification or shelving scheme Damaged status Not for loan Permanent Location Current Location Shelving location Date acquired Total Checkouts Full call number Barcode Date last seen Price effective from Koha item type
          CBU-DAG HAMMARSKJOLD INSTITUTE CBU-DAG HAMMARSKJOLD INSTITUTE   11/28/2022   QC 981 Mon 500180 11/28/2022 11/28/2022 MONOGRAPH